| 000 | 00825nam a22002297a 4500 | ||
|---|---|---|---|
| 999 |
_c65567 _d65567 |
||
| 005 | 20240530110831.0 | ||
| 008 | 190903s2006 ua a g b 000 0 ara d | ||
| 017 |
_bمصر. دار الكتب _a2006/19116 |
||
| 020 | _a9772159058 | ||
| 040 |
_aEG-CaGPL _cEG-CaGPL |
||
| 082 | 0 | 4 |
_221 _a229.7 \ _bز م |
| 100 | 1 | _aزملكان ، ابن خطيب | |
| 245 | 1 | 2 |
_aالمجيد فى اعجاز القران المجيد / _cابن خطيب زملكان |
| 250 | _aط.1 | ||
| 260 |
_aالقاهرة : _bدار غريب للطباعة والنشر والتوزيع، _c2006 . |
||
| 300 |
_a215 ص. ؛ _c24 سم. |
||
| 504 | _aيشتمل على ارجاعات ببليوجرافية | ||
| 650 | 0 | 7 |
_aالقران _2qrmak _xاعجاز |
| 651 | _2qrmak | ||
| 942 |
_2ddc _cBK |
||